| 000 | 01253cam a2200313 a 4500 | ||
|---|---|---|---|
| 999 |
_c27241 _d27241 |
||
| 001 | 4489631 | ||
| 005 | 20170207164044.0 | ||
| 008 | 970604s1997 mauab b 001 0 eng | ||
| 010 | _a 97024603 | ||
| 020 | _a0262112280 (alk. paper) | ||
| 040 |
_aDLC _cDLC _dDLC |
||
| 041 | 1 |
_aeng _hger |
|
| 050 | 0 | 0 |
_aN6853 _b.P5K58513 1997 |
| 100 | 1 |
_aKlüver, Billy, _d1927-2004. |
|
| 240 | 1 | 0 |
_aTag mit Picasso. _lEnglish |
| 245 | 1 | 2 |
_aA day with Picasso : _btwenty-four photographs by Jean Cocteau / _cBilly Klüver. |
| 260 |
_aCambridge, Mass. : _bMIT Press, _cc1997. |
||
| 300 |
_a99 p. : _bill., maps ; _c24 cm. |
||
| 504 | _aIncludes bibliographical references (p. [84]-95) and index. | ||
| 600 | 1 | 0 |
_aPicasso, Pablo, _d1881-1973 _vPictorial works. |
| 600 | 1 | 0 |
_aPicasso, Pablo, _d1881-1973 _xFriends and associates _vPictorial works. |
| 600 | 1 | 0 |
_aCocteau, Jean, _d1889-1963. |
| 942 |
_2lcc _cBOOKS _hN6853 .P5K58513 1997 |
||